Statistics for Nationalities of the League of Ireland Premier Division

Click here to take the quiz!

General Stats

  • This quiz has been taken 15 times
  • The average score is 13 of 23

Answer Stats

#Country% Correct
155Ireland
100%
18England
92%
1Brazil
85%
9Northern Ireland
85%
8Scotland
85%
2Poland
77%
2Estonia
69%
2Germany
69%
1Netherlands
69%
2United States
69%
1Australia
62%
1New Zealand
62%
1Nigeria
62%
1Sweden
62%
1South Africa
54%
1Cape Verde
38%
1Albania
31%
1Cameroon
31%
1Turkey
31%
1Faroe Islands
23%
1Gibraltar
23%
1Algeria
15%
1Haiti
8%

Score Distribution

Percentile by Number Answered

Percent of People with Each Score

Your Score History

You have not taken this quiz